[Event "TUR-ch Youth"]
[Site "Denizli"]
[Date "2022.05.25"]
[Round "3"]
[White "Cengiz, Nuri Efekan"]
[Black "Yoruk, Ibrahim Ilker"]
[Result "1-0"]
[WhiteElo "1420"]
[BlackElo "1180"]
[PlyCount "133"]
[EventDate "2022.05.24"]
[EventType "swiss"]
[EventRounds "9"]
[EventCountry "TUR"]
[SourceTitle "EXT 2023"]
[Source "ChessBase"]
[SourceDate "2022.10.05"]
[SourceVersion "1"]
[SourceVersionDate "2022.10.05"]
[SourceQuality "1"]

1. d4 Nf6 2. Nf3 d5 3. e3 g6 4. Be2 Bg7 5. 0-0 0-0 6. b4 Bg4 7. a4 a6 8. Ne5 Bxe2 9. Qxe2 c6 10. c4 e6 11. Bb2 Nbd7 12. f4 Ne4 13. Nxd7 Qxd7 14. c5 f5 15. Nc3 Nxc3 16. Bxc3 Rfe8 17. Rfb1 Reb8 18. b5 axb5 19. axb5 Rxa1 20. Rxa1 Qc8 21. Rb1 Kf7 22. Qb2 Bf6 23. bxc6 Qxc6 24. Qa3 Bd8 25. Qa7 Rc8 26. Ba5 Bxa5 27. Qxa5 Qd7 28. Qa7 Rc7 29. Qb8 Kg7 30. Rb6 Qe7 31. Rd6 Rd7 32. Rb6 Rc7 33. Qa7 Qf7 34. Qa5 Qe7 35. Qb5 Kf7 36. Rd6 h6 37. Qb6 Rd7 38. g3 Rxd6 39. cxd6 Qd7 40. Qc7 Ke8 41. Qb8+ Kf7 42. h4 h5 43. Kf2 b5 44. Kg2 b4 45. Qxb4 Qa7 46. Kf2 Qa2+ 47. Ke1 Qa1+ 48. Kd2 Qa2+ 49. Kc3 Qa1+ 50. Kb3 Qb1+ 51. Ka4 Qa2+ 52. Kb5 Qa7 53. Qc5 Qb7+ 54. Qb6 Qd7+ 55. Qc6 Qd8 56. Qc7+ Ke8 57. Qxd8+ Kxd8 58. Kc6 e5 59. dxe5 d4 60. exd4 g5 61. hxg5 h4 62. gxh4 Kc8 63. e6 Kd8 64. g6 Kc8 65. g7 Kb8 66. Kb6 Ka8 67. g8R# 1-0